000 00683nam a2200253Ia 4500
003 OSt
005 20221005084818.0
006 a|||||r|||| 00| 0
007 ta
008 221004b |||||||| |||| 00| 0 eng d
024 _a66696
037 _cTextual
040 _aCRL
_cCRL
_beng
041 _2eng
_aeng
082 _aV58.N9, N4
100 _aDawisha Karen
245 0 _aRussia and the new states of Eurasia
_b The Politics of upheaval
260 _aNew York
_bCambridge
_c1994
300 _a437p.
_ccm.
650 _aHISTORY
700 _a Parrott Bruce
942 _hV58.N9, N4
_cTEXL
_2cc
999 _c993138
_d993138